000 00293nam a22001217a 4500
008 181129b xxu||||| |||| 00| 0 eng d
041 _aeng
080 _a043.3
100 _a0
101 _aBTH-MBE
245 _aRendesia e komunikimit ne menaxhimin e personelit
_cAdemaj, M
942 _2udc
_cBK
999 _c52687
_d52687